LDR 01086naa#a2200169#i#450# 001 RU\\bibl\118113 005 20260428053840.2 011 ## _a3033-8239 100 ## _a20260401b2026####ek#y0rusy0150####ca 102 ## _aRU 200 1# _aАДМИНИСТРАТИВНАЯ ОТВЕТСТВЕННОСТЬ ЗА НАРУШЕНИЯ ПОРЯДКА ОБРАБОТКИ БИОМЕТРИЧЕСКИХ ПЕРСОНАЛЬНЫХ ДАННЫХ _eЖурнальная статья 210 1# _aАрмавир _cАвтономная некоммерческая организация научно-исследовательский институт «Цифровая философия – Цифровой интеллект» _d2026 215 ## _a0 с. 608 ## _aЖурнальная статья _2local 675 ## _aГосударственное право. Конституционное право. Административное право. 342 _aАдминистративное право. 342.9 _z 700 #1 _aЗатолокин _gАлександр Александрович 856 4# _aintellectualsovereignty.ru _u